Les Milieux "naturels" du globe (Record no. 57218)

MARC details
000 -LEADER
fixed length control field 00633nam a22002177a 4500
005 - DATE AND TIME OF LATEST TRANSACTION
control field 20171003151415.0
008 - FIXED-LENGTH DATA ELEMENTS--GENERAL INFORMATION
fixed length control field 171003b xxu||||| |||| 00| 0 eng d
020 ## - INTERNATIONAL STANDARD BOOK NUMBER
International Standard Book Number 2-225-84503-4
040 ## - CATALOGING SOURCE
Original cataloging agency BUAC
Transcribing agency BUC
041 ## - LANGUAGE CODE
Language code of text/sound track or separate title Fre
100 ## - MAIN ENTRY--PERSONAL NAME
Personal name Demangeot, Jean
245 ## - TITLE STATEMENT
Title Les Milieux "naturels" du globe
Statement of responsibility, etc / par Jean Demangeot
250 ## - EDITION STATEMENT
Edition statement 5e éd.
260 ## - PUBLICATION, DISTRIBUTION, ETC. (IMPRINT)
Place of publication, distribution, etc Paris :
Name of publisher, distributor, etc Masson,
Date of publication, distribution, etc 1994
300 ## - PHYSICAL DESCRIPTION
Extent 313 p.
Other physical details couv. en coul. ;
Dimensions 24 cm
440 ## - SERIES STATEMENT/ADDED ENTRY--TITLE
Title (Géographie générale physique et humaine)
500 ## - GENERAL NOTE
General note Bibliogr. pp 305-306<br/>Index pp 307-313
630 ## - SUBJECT ADDED ENTRY--UNIFORM TITLE
Uniform title Histoire-Géographie
650 ## - SUBJECT ADDED ENTRY--TOPICAL TERM
Topical term or geographic name as entry element Milieu naturel
942 ## - ADDED ENTRY ELEMENTS (KOHA)
Item type Libre Accès
Holdings
Withdrawn status Lost status Damaged status Not for loan Location (home branch) Sublocation or collection (holding branch) Shelving location Date acquired Coded location qualifier Koha issues (times borrowed) Koha full call number Piece designation (barcode) Koha date last seen Copy number Price effective from Koha item type
        Bibliothèque Universitaire Centrale Bibliothèque Universitaire Centrale   03/10/2017 L 11536   911 DEM L 11536Buc 03/10/2017 01 03/10/2017 Libre Accès


© 2008, Bibliothèques de l'Université d'Abomey-Calavi

04 BP 789 Cotonou, Tél. : +229 21 36 01 01, Fax : +229 21 35 06 32

Courriel : bu@bu.uac.bj